| 000 | 00430nam a22001817a 4500 | ||
|---|---|---|---|
| 003 | MPLRDC | ||
| 005 | 20220104123539.0 | ||
| 008 | 210129b ||||| |||| 00| 0 eng d | ||
| 020 | _a962-378-048-6 | ||
| 082 | _a427.11 LJH | ||
| 100 | _a李嘉慧编 | ||
| 245 |
_a新编家庭食谱288 _c |
||
| 250 | _a初版 | ||
| 260 |
_a _b恒丰图书公司 _c1989 |
||
| 300 | _b平 | ||
| 650 | _a中菜食谱 | ||
| 942 |
_cBK _o427.11 LJH |
||
| 999 |
_c12285 _d12275 |
||